| 000 | 00465nam a2200181Ia 4500 | ||
|---|---|---|---|
| 008 | 240925s9999 xx 000 0 und d | ||
| 020 | _aNA | ||
| 082 | _a621.395 TOW | ||
| 100 | _aTowers , T.D. | ||
| 245 | 0 | _aTowers International Digital IC Selector | |
| 250 | _aNA | ||
| 260 |
_aNew Delhi: _bBPB Publication _c,1987. |
||
| 300 |
_ax,339p. _bNA _fOriginal |
||
| 500 | _aIncludes Index | ||
| 600 | _aElectronic Engineering | ||
| 650 | _aTechnology | ||
| 942 | _cBK | ||
| 999 |
_c6605 _d6605 |
||